Hranice prestávajú byť deliacou čiarou
Problematika regionálnej politiky ako súčasti prístupového procesu do Európskej únie. Tvorba a fungovanie územných celkov-regiónov. Snaha o optimálne vyváženie faktorov pôsobiacich v rámci regiónu tak, aby mohol úspešne plniť všetky svoje funkcie, najmä ekonomické a sociálne.
Salvato in:
| Autore principale: | |
|---|---|
| Natura: | Capitolo di libro |
| Lingua: | slovacco |
| Soggetti: | |
| Tags: |
Nessun Tag, puoi essere il primo ad aggiungerne!!
|
MARC
| LEADER | 00000naa a2200000 4500 | ||
|---|---|---|---|
| 001 | r040124 | ||
| 005 | 20230927091118.7 | ||
| 041 | 0 | |a slo | |
| 044 | |a SK | ||
| 245 | 1 | 0 | |a Hranice prestávajú byť deliacou čiarou |c Juraj Nociar |
| 520 | |a Problematika regionálnej politiky ako súčasti prístupového procesu do Európskej únie. Tvorba a fungovanie územných celkov-regiónov. Snaha o optimálne vyváženie faktorov pôsobiacich v rámci regiónu tak, aby mohol úspešne plniť všetky svoje funkcie, najmä ekonomické a sociálne. | ||
| 610 | 2 | 0 | |a politika regionálna |
| 610 | 2 | 0 | |a regióny |
| 610 | 2 | 0 | |a Slovensko |
| 610 | 2 | 0 | |a Európska únia |
| 610 | 2 | 0 | |a spolupráca cezhraničná |
| 610 | 2 | 0 | |a stabilita politická |
| 610 | 2 | 0 | |a regionalizácia |
| 610 | 2 | 0 | |a decentralizácia |
| 100 | 1 | |a Nociar, Juraj | |